Industrial Dynamics

Salvato in:
Dettagli Bibliografici
Autore principale: Forrester, Jay W.
Natura: Libro
Lingua:inglese
Pubblicazione: Cambridge Massachusetts Institute of Technology 1961
Edizione:1. ed.
Soggetti:
Tags: Aggiungi Tag
Nessun Tag, puoi essere il primo ad aggiungerne!!

MARC

LEADER 00000nam a2200000 4500
001 c002027
005 20221220101927.4
041 0 |a eng 
044 |a US 
245 1 0 |a Industrial Dynamics  |c Jay W. Forrester 
250 |a 1. ed. 
264 1 |a Cambridge  |b Massachusetts Institute of Technology  |c 1961 
300 |a 464 s. 
610 2 0 |a riadenie 
610 2 0 |a manažment 
610 2 0 |a priemysel 
610 2 0 |a modely dynamické 
610 2 0 |a modelovanie 
610 2 0 |a dynamika systémov 
610 2 0 |a rozhodovanie 
610 2 0 |a modely výroby 
610 2 0 |a reklama 
610 2 0 |a zákazníci 
610 2 0 |a zamestnanosť 
610 2 0 |a vzdelávanie 
610 2 0 |a podnikanie 
100 1 |a Forrester, Jay W.